Mechanizmus asignácie dane z príjmov v podmienkach Slovenskej  republiky (súčasnosť a perspektívy) diplomová práca

Gespeichert in:
Bibliographische Detailangaben
1. Verfasser: Malatinská, Dominika
Körperschaft: Národohospodárska fakulta EU. Katedra financií
Weitere Verfasser: Beličková, Kornélia, 1966-
Format: Buch
Sprache:Slowakisch
Veröffentlicht: Bratislava 2017
Tags: Tag hinzufügen
Keine Tags, Fügen Sie das erste Tag hinzu!

MARC

LEADER 00000nbm a2200000 4500
001 0231885
005 20171127145849.6
041 0 |a slo 
044 |a SK 
245 1 0 |a Mechanizmus asignácie dane z príjmov v podmienkach Slovenskej  republiky (súčasnosť a perspektívy)  |b diplomová práca  |c Dominika Malatinská ; školiteľ: Kornélia Beličková 
264 1 |a Bratislava  |c 2017 
300 |a 76 s. 
100 1 |a Malatinská, Dominika 
700 1 |a Beličková, Kornélia, 1966- 
710 2 |a Národohospodárska fakulta EU. Katedra financií